DRSNOSŤ ELEKTRÓD A DEFORMÁCIA MERACIEHO KONDENZÁTORA PRE TUHÉ DIELEKTRIKÁ

Bibliographic Details
Main Author: Vilím, Ján (Author)
Format: Article
Language:Slovak

MARC

LEADER 00000nab a2200000uu 4500
001 vtls011481897
003 SK-MaSNL
005 20260303132524.0
008 230218|1970 xo |||||||||||||||||slo|
015 |a SNBRB 
035 |a (urnnbn)urn:nbn:sk:snk:ar-006t49 
035 |a (uuid)049b300a-7bbb-44fc-b29d-8d56b892cfba 
035 |a urn:nbn:sk:snk-abd93s 
040 |a SNKBUCL  |b slo  |c SNKBUCL  |e AACR2 
041 0 |a slo 
044 |a xo  |c SK 
100 1 |a Vilím, Ján  |4 aut  |9 664864 
245 1 0 |a DRSNOSŤ ELEKTRÓD A DEFORMÁCIA MERACIEHO KONDENZÁTORA PRE TUHÉ DIELEKTRIKÁ  |c Ján Vilím 
773 0 |t Elektrotechnický časopis : časopis Elektrotechnického ústavu CEFV SAV Bratislava  |g Roč. 21, č. 2 (1970), s. 128-140 
954 |a odborná, vedecká literatúra pôvodná (slovenská)  |2 lita 
958 |a OND 
958 |a EUIPO 
958 |a article18 
999 |c 1951721  |d 1953651